Odborná lexika a jej rusko-slovenská komparácia

Bibliographic Details
Main Author: Heiser, František, 1958- (Author)
Format: Book
Language:Slovak
Russian
PhysicalDescription:91 s. 21 cm
Published: Ružomberok Pedagogická fakulta Katolíckej univerzity 2008
ISBN:9788080842697
Edition:[1. vyd.]
Subjects:

MARC

LEADER 00000nam a2200000 a 4500
001 vtls009463793
003 SK-MaSNL
005 20260301082011.0
008 240318s2007 xo f 000 0 slo
015 |a SNBA2009/02-00750 
020 |a 9788080842697  |q (brož.) 
035 |a 06149174-0F87-42C1-8389-A6D3D33014DD 
035 |a urn:nbn:sk:snk-aml354 
035 |a urn:nbn:sk:snk-am008la6 
040 |a SNK  |b slo  |c SNK  |e AACR2 
041 0 |a slo  |a rus  |b rus 
044 |a xo  |c SK 
072 7 |a 81  |x Lingvistika. Jazyky  |2 konspekt 
072 7 |a 355/359  |x Vojenstvo. Obrana krajiny. Ozbrojené sily  |2 konspekt 
080 |a 811.161.1  |2 2001 
080 |a 811.162.4  |2 2001 
080 |a 355/359  |2 2001 
080 |a 81'373.46  |2 2001 
080 |a (048.8)  |2 2001 
100 1 |a Heiser, František,  |d 1958-  |4 aut  |9 119215 
245 1 0 |a Odborná lexika a jej rusko-slovenská komparácia  |c František Heiser 
250 |a [1. vyd.] 
260 |a Ružomberok  |b Pedagogická fakulta Katolíckej univerzity  |c 2008 
300 |a 91 s.  |c 21 cm 
504 |a Bibliogr. s. 84-91 
546 |a Res. rus. 
650 0 7 |a ruština  |2 SNKPH  |9 1346 
650 0 7 |a slovenčina  |2 SNKPH  |9 1350 
650 0 7 |a vojenstvo  |2 SNKPH  |9 22591 
650 0 7 |a odborná terminológia  |2 SNKPH  |9 3616 
655 7 |a monografie  |2 SNKPH  |9 70139 
919 |a 978-80-8084-269-7 
958 |a NB 
958 |a OND 
968 |d 81 
999 |c 657402  |d 659332 
952 |a SNK  |b SNK  |y PREZ  |7 0  |p 17A0607935  |o snkSC 134101  |i snk2009/570  |8 0  |0 0  |1 0  |4 0  |d 2009-01-21  |f 1  |l 0  |r 2025-06-30 00:00:00  |w 2026-02-23 
952 |a SNK  |b SNK  |y VYP  |7 0  |p 17A0607936  |o snkSC 134101 D1  |i snk2009/571  |8 0  |0 0  |1 0  |4 0  |d 2009-01-21  |l 0  |r 2026-02-23 18:42:27  |w 2026-02-23